Sports Quiz

Random Sports or Baseball Quiz

MLB Commissioners Quiz Stats

Quiz not verified by Sporcle

Challenge
Share
Tweet
Embed
Score 0/9 Timer 03:00
0 Plays Today
Commissioner % Correct
Allen 'Bud' Selig
99.1%
Kenesaw Landis
90.8%
A. Bartlett 'Bart' Giamatti
77.1%
Francis 'Fay' Vincent
72.5%
Bowie Kuhn
66.1%
Ford Frick
62.4%
Albert 'Happy' Chandler
54.1%
Peter Ueberroth
54.1%
William 'Spike' Eckert
33%

You're not logged in!

Compare scores with friends on all Sporcle quizzes.
Join for Free
OR
Log In

You Might Also Like...

Show Comments

Extras

Top Quizzes Today


Score Distribution

Your Account Isn't Verified!

In order to create a playlist on Sporcle, you need to verify the email address you used during registration. Go to your Sporcle Settings to finish the process.

Report this User

Report this user for behavior that violates our Community Guidelines.

Details: